000
00302nam a22001457a 4500
008
230515b ||||| |||| 00| 0 eng d
020
_a
0876637179
041
_a
eng
080
_a
101
082
_a
101REE
100
_a
44
101
_a
ENCI
245
_a
DESCARTES
_c
REE.JONATHAN
942
_2
udc
_c
BK
999
_c
59716
_d
59716